|
|
|
|
| LEADER |
01156nam a2200277 a 4500 |
| 001 |
15712126 |
| 003 |
BD-DhAAL |
| 008 |
121231s2010 nyua b 001 0 eng |
| 999 |
|
|
|c 13091
|d 13091
|
| 010 |
|
|
|a 2009016794
|
| 020 |
|
|
|a 9780195386721 (alk. paper)
|
| 020 |
|
|
|a 0195386728 (alk. paper)
|
| 040 |
|
|
|a DLC
|c DLC
|d C#P
|d BWX
|d CDX
|d DLC
|d BD-DhAAL
|
| 082 |
0 |
0 |
|a 302.3/5
|2 22
|
| 245 |
0 |
0 |
|a Case studies for organizational communication :
|b understanding communication processes /
|c Joann Keyton, Pamela Shockley-Zalabak [editors].
|
| 250 |
|
|
|a Third edition
|
| 260 |
|
|
|a New York :
|b Oxford University Press,
|c 2010.
|
| 300 |
|
|
|a xxii, 374 pages :
|b illustrations ;
|c 24 cm.
|
| 504 |
|
|
|a Includes bibliographical references and index.
|
| 541 |
|
|
|e 00026446
|
| 650 |
|
0 |
|a Communication in organizations
|v Case studies.
|9 45595
|
| 700 |
1 |
|
|a Keyton, Joann.
|9 45596
|
| 700 |
1 |
|
|a Shockley-Zalabak, Pamela.
|9 45597
|
| 852 |
1 |
|
|a Ayesha Abed Library
|j General shelf
|
| 942 |
|
|
|2 ddc
|c BK
|
| 952 |
|
|
|0 0
|1 0
|4 0
|6 302_350000000000000_CAS
|7 0
|9 21753
|a BRACUL
|b BRACUL
|c GEN
|d 2012-12-31
|e Trim Education
|g 6500.00
|l 2
|o 302.35 CAS
|p 3010026446
|r 2013-03-16
|s 2013-03-06
|t 1
|w 2012-12-31
|y BK
|